All of The Sims Expansion Packs - Statistics

General Stats
  • This quiz has been taken 35 times
  • The average score is 38 of 46
Answer Stats
Release Date Expansion Pack % Correct
December 8, 2015 Get Together
93%
November 1, 2016 City Living
89%
March 31, 2015 Get to Work
89%
October 17, 2006 Pets
89%
October 18, 2011 Pets
89%
March 1, 2007 Seasons
89%
November 13, 2012 Seasons
89%
June 22, 2018 Seasons
89%
September 4, 2012 Supernatural
89%
March 1, 2005 University
89%
June 1, 2010 Ambitions
86%
November 10, 2017 Cats & Dogs
86%
July 22, 2021 Cottage Living
86%
June 5, 2020 Eco Lifestyle
86%
June 21, 2019 Island Living
86%
October 31, 2024 Life & Death
86%
November 13, 2020 Snowy Escape
86%
November 17, 2009 World Adventures
86%
November 15, 2019 Discover University
82%
December 7, 2023 For Rent
82%
May 31, 2011 Generations
82%
November 16, 2018 Get Famous
82%
March 16, 2023 Growing Together
82%
July 28, 2022 High School Years
82%
July 20, 2023 Horse Ranch
82%
June 25, 2013 Island Paradise
82%
August 27, 2000 Livin' Large
82%
July 25, 2024 Lovestruck
82%
October 28, 2003 Makin' Magic
82%
October 2, 2025 Adventure Awaits
79%
August 27, 2008 Apartment Life
79%
September 4, 2007 Bon Voyage
79%
March 6, 2025 Businesses & Hobbies
79%
July 10, 2025 Enchanted by Nature
79%
November 14, 2001 Hot Date
79%
March 28, 2001 House Party
79%
October 22, 2013 Into the Future
79%
October 26, 2010 Late Night
79%
September 13, 2005 Nightlife
79%
March 2, 2006 Open for Business
79%
May 15, 2003 Superstar
79%
September 23, 2002 Unleashed
79%
March 25, 2002 Vacation
79%
February 26, 2008 FreeTime
75%
March 6, 2012 Showtime
75%
March 5, 2013 University Life
75%
No matching quizzes found
Score Distribution
Percent of People with Each Score
Percentile by Number Answered
Your Score History
You have not taken this quiz